LIBRARY ONLINE CATALOGUE

Environmental and Natural Resources Economics (Record no. 18436)

MARC details
000 -LEADER
fixed length control field 00569nam a22001817a 4500
008 - FIXED-LENGTH DATA ELEMENTS--GENERAL INFORMATION
fixed length control field 200807b xxu||||| |||| 00| 0 eng d
020 ## - INTERNATIONAL STANDARD BOOK NUMBER
International Standard Book Number 0765624949
050 ## - LIBRARY OF CONGRESS CALL NUMBER
Classification number HD76.5
Item number .H33 2011 c.1
100 ## - MAIN ENTRY--PERSONAL NAME
Personal name Hackett, Steven C.
245 ## - TITLE STATEMENT
Title Environmental and Natural Resources Economics
Remainder of title Theory, policy, and the sustainable society
Statement of responsibility, etc. Steven C. Hackett
250 ## - EDITION STATEMENT
Edition statement 4th ed.
260 ## - PUBLICATION, DISTRIBUTION, ETC. (IMPRINT)
Place of publication, distribution, etc. New York
Name of publisher, distributor, etc. Routledge
Date of publication, distribution, etc. 2011
300 ## - PHYSICAL DESCRIPTION
Extent xx, 475p.
650 ## - SUBJECT ADDED ENTRY--TOPICAL TERM
Topical term or geographic name as entry element Environmental Economics
650 ## - SUBJECT ADDED ENTRY--TOPICAL TERM
Topical term or geographic name as entry element Natural resources
650 ## - SUBJECT ADDED ENTRY--TOPICAL TERM
Topical term or geographic name as entry element Environmental policy
942 ## - ADDED ENTRY ELEMENTS (KOHA)
Source of classification or shelving scheme Library of Congress Classification
Koha item type General Collection
Holdings
Withdrawn status Lost status Source of classification or shelving scheme Not for loan Home library Current library Date acquired Cost, normal purchase price Total Checkouts Full call number Barcode Date last seen Price effective from Koha item type
    Library of Congress Classification   Kabarak, Main Campus Kabarak, Main Campus 07/08/2020 562.00   HD76.5 .H33 2011 c.1 029070 02/08/2024 07/08/2020 General Collection
    Library of Congress Classification   Kabarak, Main Campus Kabarak, Main Campus 07/08/2020 562.00   HD76.5 .H33 2011 c.2 029071 02/08/2024 07/08/2020 General Collection
    Library of Congress Classification   Kabarak, Nakuru City Campus Kabarak, Nakuru City Campus 07/08/2020 562.00   HD76.5 .H33 2011 c.1 029072 07/08/2020 07/08/2020 General Collection